000 01175cam a2200385 i 4500
001 0000483
003 DO-SdBNP
005 20180130093829.0
007 0000483
008 100514s 2008 sp | |||| 000 f spa
015 _a
017 _a
_b
020 _a9788466321808
035 _a
040 _aBPMSU
_bspa
_cBPMSU
_e
080 _a
082 4 _a823.914
_bD131a
100 1 _aDahl, Roald
_d1916-1990
240 1 4 _aThe great automatic grammatizator and other stories
_lEspañol
245 1 0 _aAntología :
_blos mejores relatos de Roald Dahl /
_cRoald Dahl
246 0 4 _aLos mejores relatos de Roals Dahl
260 _aMadrid:
_bSantillana Ediciones Generales,
_c2008.
300 _a308 p.:
_c19 cm
490 1 _aPunto de lectura
_v310 / 1
500 _aIncluye datos biográficos del autor: p. 4
650 4 _aCUENTOS INFANTILES INGLESES
650 4 _aLITERATURA INFANTIL INGLESA
710 _aEditorial Anagrama
_etrad.
710 _aEditorial Debate
_etrad.
830 0 _aPunto de lectura
_n310 / 1
910 _aValidado.Control de calidad MFF
942 _2ddc
_cBK
945 _aInventariado, 2018 / BT
956 _aYLOCKWARD
_810
_cBPMSU
999 _c10704
_d10704